Online
Catalog

Centon epistolario de Domingo del Monte,. (Record no. 19387)

MARC details
000 -CABECERA
campo de control de longitud fija 00846cam a2200217u 4500
001 - NÚMERO DE CONTROL
campo de control 000019874
005 - FECHA Y HORA DE LA ÚLTIMA TRANSACCIÓN
campo de control 20200929170155.0
008 - DATOS DE LONGITUD FIJA--INFORMACIÓN GENERAL
campo de control de longitud fija 810917m19231957cu c 000 0 spa
010 ## - NÚMERO DE CONTROL DE LA BIBLIOTECA DEL CONGRESO
Número de control de LC 25007518
040 ## - FUENTE DE LA CATALOGACIÓN
Centro catalogador/agencia de origen DO-SdBNP
Centro/agencia transcriptor CarP
Centro/agencia modificador DLC
050 00 - SIGNATURA TOPOGRÁFICA DE LA BIBLIOTECA DEL CONGRESO
Número de clasificación PQ7389.D4
Número de documento/Ítem Z55
100 2# - ENTRADA PRINCIPAL--NOMBRE DE PERSONA
Nombre de persona Figarola-Caneda, Domingo,
Fechas asociadas al nombre 1852-1926, [from old catalog]
Término indicativo de función/relación ed.
9 (RLIN) 42402
245 10 - MENCIÓN DE TÍTULO
Título Centon epistolario de Domingo del Monte,.
260 ## - PUBLICACIÓN, DISTRIBUCIÓN, ETC.
Lugar de publicación, distribución, etc. Habana, :
Nombre del editor, distribuidor, etc. Imprenta "El Siglo XX,",
Fecha de publicación, distribución, etc. 1923-57.
300 ## - DESCRIPCIÓN FÍSICA
Extensión v. :
Otras características físicas ports. ;
Dimensiones 29 cm.
600 20 - PUNTO DE ACCESO ADICIONAL DE MATERIA--NOMBRE DE PERSONA
Nombre de persona Delmonte y Aponte, Domingo,
Fechas asociadas al nombre 1804-1853. [from old catalog]
9 (RLIN) 42403
700 2# - PUNTO DE ACCESO ADICIONAL--NOMBRE DE PERSONA
Nombre de persona Llaverias y Martinez, Joaquin,
Fechas asociadas al nombre 1875- [from old catalog]
Término indicativo de función/relación ed.
9 (RLIN) 42404
700 2# - PUNTO DE ACCESO ADICIONAL--NOMBRE DE PERSONA
Nombre de persona Mesa Rodriguez, Manuel Isafos,
Fechas asociadas al nombre 1844- [from old catalog]
Término indicativo de función/relación ed.
9 (RLIN) 42405
710 2# - PUNTO DE ACCESO ADICIONAL--NOMBRE DE ENTIDAD CORPORATIVA
Nombre de entidad corporativa o nombre de jurisdicción como elemento de entrada Academia de la Historia de Cuba.
9 (RLIN) 4600
910 ## - DATOS DE OPCIÓN DEL USUARIO (OCLC)
Datos de opción del usuario Catalogación derivada / LC
Holdings
Estado de retiro Estado de pérdida Restricciones de uso No para préstamo Código de colección Localización permanente Ubicación/localización actual Ubicación en estantería Fecha de adquisición Número de inventario Total de préstamos Signatura topográfica completa Código de barras Fecha visto por última vez Precio válido a partir de Tipo de ítem Koha
      Excluido de préstamo Monografías: Libros y Folletos General General En catalogación 08.07.2010 LF1   t.5 19874-10 25.06.2020 25.06.2020 No se presta

Powered by Koha